Star Wars Planets and Moons by Movie - Episode II - Statistics

General Stats
  • This quiz has been taken 108 times
  • The average score is 5 of 6
Answer Stats
Answer % Correct
Coruscant
94%
Naboo
94%
Geonosis
93%
Tatooine
91%
Kamino
80%
Subterrel
3%
No matching quizzes found
Score Distribution
Percent of People with Each Score
Percentile by Number Answered
Your Score History
You have not taken this quiz